Llwytho...

Family planning in India : a case study of Karnataka /

Manylion Llyfryddiaeth
Prif Awdur: Baskara Rao, N
Fformat: Printed Book
Cyhoeddwyd: New Delhi : Vikas Pub. House, 1976
Cyfres:ISEC staff paper ; 6
Pynciau:
LEADER 00632cam a2200181 i 4500
020 |a 0706904257  
082 0 0 |a 362.82  |b BAS 
100 2 |a Baskara Rao, N 
245 1 0 |a Family planning in India :  |b a case study of Karnataka /  |c N. Baskara Rao 
260 |a New Delhi :  |b Vikas Pub. House,  |c 1976 
300 |a x, 72 p.: 
490 1 |a ISEC staff paper ; 6 
500 |a Includes index. 
504 |a Bibliography: p. [67]-68. 
650 0 |a Birth control  |z India  |z Karnataka. 
942 |c BK 
999 |c 299141  |d 299141 
952 |0 0  |1 0  |4 0  |6 362_820000000000000_BAS_F  |7 0  |8 NFIC  |9 319111  |a DEM  |b DEM  |d 2020-09-22  |l 0  |o 362.82 BAS/F  |p DEM80  |r 2020-09-22  |w 2020-09-22  |y BK